[Event "ZMDI-Open 2013"]
[Site "Dresden"]
[Date "2013.08.17"]
[Round "8"]
[White "Niemann, S."]
[Black "Udet, F."]
[Result "1-0"]
[WhiteElo "1760"]
[BlackElo "1711"]
[PlyCount "59"]
[EventDate "2013.??.??"]

1. e4 c5 2. Nf3 e6 3. c3 d5 4. exd5 exd5 5. d4 Nc6 6. Bb5 Be6 7. Qe2 a6 8.
Bxc6+ bxc6 9. O-O h6 10. Re1 Nf6 11. Ne5 Qc8 12. Ng6 Rh7 13. Nxf8 Kxf8 14. dxc5
Nd7 15. Be3 Qc7 16. Bd4 Kg8 17. Nd2 Rb8 18. b4 a5 19. a3 h5 20. Nf3 Bg4 21. h3
Bxf3 22. Qxf3 Rh6 23. Re7 f6 24. Qf5 Rd8 25. Rae1 Qc8 26. Qe6+ Kh7 27. Qf7 Rg6
28. Re8 Nf8 29. Qxf8 Rxe8 30. Rxe8 1-0

[Event "ZMDI-Open 2013"]
[Site "Dresden"]
[Date "2013.08.17"]
[Round "8"]
[White "Vorobiov, I."]
[Black "Schneider, M."]
[Result "1-0"]
[WhiteElo "1774"]
[BlackElo "1700"]
[PlyCount "61"]
[EventDate "2013.??.??"]

1. e4 g6 2. d4 Bg7 3. c4 d6 4. Nf3 Nf6 5. Nc3 O-O 6. Be2 Bd7 7. O-O a5 8. Rb1
Na6 9. Bd2 Ne8 10. Qc1 f5 11. Bh6 fxe4 12. Nxe4 Bf5 13. Bxg7 Nxg7 14. Qh6 Ne6
15. Neg5 Nxg5 16. Nxg5 Rf7 17. Nxf7 Kxf7 18. Qxh7+ Ke8 19. Rbd1 Kd7 20. Bd3 Qf8
21. Rfe1 Qf6 22. Bxf5+ gxf5 23. Re3 Rh8 24. Rxe7+ Kc6 25. Qf7 Qh4 26. h3 f4 27.
Qf5 Nc5 28. Qd5+ Kb6 29. dxc5+ Ka7 30. Rxc7 Rb8 31. c6 1-0

[Event "ZMDI-Open 2013"]
[Site "Dresden"]
[Date "2013.08.17"]
[Round "8"]
[White "Bregenzer, M."]
[Black "Bolshakov, K."]
[Result "1/2-1/2"]
[WhiteElo "1740"]
[BlackElo "1681"]
[PlyCount "43"]
[EventDate "2013.??.??"]

1. e4 e5 2. Nf3 Nc6 3. Bc4 Bc5 4. b4 Bxb4 5. c3 Be7 6. O-O Nf6 7. d4 O-O 8.
dxe5 Nxe4 9. Qc2 d5 10. exd6 Nxd6 11. Bd3 g6 12. Bh6 Re8 13. Nbd2 Bf5 14. Bxf5
Nxf5 15. Bf4 Bf6 16. Rad1 Bg7 17. Ne4 Qe7 18. Rfe1 Ne5 19. Nxe5 Bxe5 20. Bg5
Qf8 21. Bf6 Bf4 22. g3 1/2-1/2

[Event "ZMDI-Open 2013"]
[Site "Dresden"]
[Date "2013.08.17"]
[Round "8"]
[White "Koenig, J."]
[Black "Priese, A."]
[Result "1-0"]
[WhiteElo "1705"]
[BlackElo "1678"]
[PlyCount "75"]
[EventDate "2013.??.??"]

1. d4 d5 2. Nf3 Nf6 3. Bg5 c6 4. e3 e6 5. Nbd2 Be7 6. Bd3 Nbd7 7. O-O O-O 8. c3
c5 9. Qc2 c4 10. Be2 b5 11. a3 Bb7 12. Ne5 Re8 13. f4 Qc7 14. Rf3 h6 15. Bh4 a5
16. Rh3 b4 17. Nxd7 Qxd7 18. Rf1 bxa3 19. bxa3 Kh8 20. Nf3 Rf8 21. Ne5 Qe8 22.
Rff3 Ne4 23. Bxe7 Qxe7 24. a4 Qa3 25. Qb1 Qb3 26. Qe1 Qxc3 27. Qh4 Nf6 28. g4
Nh7 29. g5 Ba6 30. g6 fxg6 31. Nxg6+ Kg8 32. Nxf8 Rxf8 33. Rfg3 Qe1+ 34. Bf1 c3
35. Rxg7+ Kxg7 36. Qxe1 Bxf1 37. Kxf1 c2 38. Qc3 1-0

[Event "ZMDI-Open 2013"]
[Site "Dresden"]
[Date "2013.08.17"]
[Round "8"]
[White "Thuma, H."]
[Black "Neffe, G."]
[Result "1-0"]
[WhiteElo "1774"]
[BlackElo "1634"]
[PlyCount "88"]
[EventDate "2013.??.??"]

1. e4 Nf6 2. e5 Nd5 3. c4 Nb6 4. d4 d6 5. exd6 exd6 6. Nf3 Be7 7. Be2 Bg4 8. b3
O-O 9. Bb2 N8d7 10. h3 Bh5 11. O-O Nf6 12. Nbd2 c6 13. Re1 Re8 14. Nf1 h6 15.
Ng3 Bg6 16. Bd3 Bxd3 17. Qxd3 Nbd7 18. Re2 Nh7 19. Rae1 Ndf8 20. Nf5 Ne6 21. d5
Nf4 22. Nxe7+ Rxe7 23. Qd2 Nxe2+ 24. Rxe2 Rxe2 25. Qxe2 c5 26. Nd2 Qd7 27. Nf1
Re8 28. Ne3 Qe7 29. Qf3 g6 30. Kh2 Ng5 31. Qf4 f5 32. h4 Nf7 33. h5 Qg5 34.
Qxg5 Nxg5 35. hxg6 f4 36. Nf5 f3 37. Nxh6+ Kf8 38. g7+ Ke7 39. g8=Q Rxg8 40.
Nxg8+ Kf7 41. Nh6+ Kg6 42. Ng4 fxg2 43. Kxg2 Ne4 44. f3 Ng5 1-0

[Event "ZMDI-Open 2013"]
[Site "Dresden"]
[Date "2013.08.17"]
[Round "8"]
[White "Bisse, V."]
[Black "Wiessner, J."]
[Result "1-0"]
[WhiteElo "1967"]
[BlackElo "1861"]
[PlyCount "113"]
[EventDate "2013.??.??"]

1. e4 c5 2. Nf3 Nc6 3. d4 cxd4 4. Nxd4 Nf6 5. Nc3 d6 6. Bc4 Bd7 7. Nxc6 Bxc6 8.
Qe2 e6 9. f3 Be7 10. Be3 a6 11. a4 O-O 12. Bb3 b5 13. axb5 axb5 14. O-O b4 15.
Nb5 Qb8 16. Nd4 Bd7 17. Rfd1 Qb7 18. Qe1 Rfc8 19. Rxa8 Qxa8 20. Qxb4 Rb8 21.
Qa3 Qxa3 22. bxa3 Ra8 23. Ra1 d5 24. e5 Ne8 25. a4 Bb4 26. Ra2 Nc7 27. Ne2 Ba5
28. Nc1 Na6 29. Nd3 Rc8 30. Bd4 Kf8 31. Kf2 Ke7 32. Ke3 Be8 33. f4 g6 34. g4
Bd7 35. Ra1 Rc7 36. g5 Rc8 37. h4 Kf8 38. Rc1 Ke7 39. h5 Rb8 40. Nc5 Nb4 41.
Nxd7 Kxd7 42. hxg6 hxg6 43. Rh1 Rc8 44. Rh2 Nc6 45. Bb2 Bb4 46. Kd3 Na5 47. Ba2
Ke7 48. Rh1 Kd7 49. Bd4 Nc6 50. Be3 Ba5 51. c3 d4 52. Bxd4 Nxd4 53. cxd4 Rc3+
54. Ke4 Ra3 55. Bc4 Bb6 56. Bb5+ Ke7 57. Rh8 1-0

[Event "ZMDI-Open 2013"]
[Site "Dresden"]
[Date "2013.08.17"]
[Round "8"]
[White "Frommelt, R."]
[Black "Heber, M."]
[Result "1/2-1/2"]
[WhiteElo "1765"]
[BlackElo "1634"]
[PlyCount "36"]
[EventDate "2013.??.??"]

1. Nf3 Nf6 2. c4 g6 3. b4 Bg7 4. Bb2 O-O 5. g3 d6 6. Bg2 e5 7. d3 a5 8. b5 Nbd7
9. O-O Nc5 10. Nbd2 Re8 11. Ng5 Rb8 12. Nge4 Ne6 13. Nxf6+ Bxf6 14. e3 Bd7 15.
Rc1 Bg7 16. Qc2 f5 17. Bc3 c6 18. a4 Qc7 1/2-1/2

[Event "ZMDI-Open 2013"]
[Site "Dresden"]
[Date "2013.08.17"]
[Round "8"]
[White "Zilch, L."]
[Black "Zalewski, U."]
[Result "1/2-1/2"]
[WhiteElo "1911"]
[BlackElo "1805"]
[PlyCount "42"]
[EventDate "2013.??.??"]

1. c4 Nf6 2. Nc3 e6 3. e4 Nc6 4. d4 Bb4 5. Bg5 h6 6. Bxf6 Qxf6 7. Nf3 O-O 8.
Be2 b6 9. O-O Bb7 10. Rc1 Qd8 11. d5 Ne7 12. Nb5 Ng6 13. a3 Be7 14. Qd2 a6 15.
Nc3 e5 16. Rb1 d6 17. b4 Bc8 18. Nd1 f5 19. exf5 Bxf5 20. Rb3 Nf4 21. Ne3 Nxe2+
1/2-1/2

[Event "ZMDI-Open 2013"]
[Site "Dresden"]
[Date "2013.08.17"]
[Round "8"]
[White "Koch, R."]
[Black "von Koslowski, U."]
[Result "0-1"]
[WhiteElo "1718"]
[BlackElo "1749"]
[PlyCount "68"]
[EventDate "2013.??.??"]

1. e4 d5 2. exd5 Qxd5 3. Nc3 Qa5 4. d4 c6 5. Bd3 Nf6 6. Nf3 Bg4 7. O-O e6 8.
Bd2 Qc7 9. Ne4 Nbd7 10. Nxf6+ gxf6 11. Be2 Bd6 12. h3 Bxf3 13. Bxf3 O-O-O 14.
b4 e5 15. d5 f5 16. dxc6 bxc6 17. c4 e4 18. Be2 Nb8 19. Qc2 Rhg8 20. f4 Bxb4
21. Bxb4 Qb6+ 22. Kh1 Qxb4 23. Rfb1 Rd2 24. Qc1 Qd6 25. Qf1 c5 26. Rb3 Nc6 27.
Rab1 Nd4 28. Rb8+ Qxb8 29. Rxb8+ Kxb8 30. Qb1+ Kc7 31. Bf1 Re8 32. Qe1 e3 33.
Kg1 e2 34. Qxd2 e1=Q 0-1

[Event "ZMDI-Open 2013"]
[Site "Dresden"]
[Date "2013.08.17"]
[Round "8"]
[White "Kretschmer, W."]
[Black "Wunderlich, M."]
[Result "1/2-1/2"]
[WhiteElo "1597"]
[BlackElo "1785"]
[PlyCount "57"]
[EventDate "2013.??.??"]

1. d4 Nf6 2. c4 e6 3. Nc3 Bb4 4. Nf3 b6 5. e3 Bb7 6. Bd3 O-O 7. O-O d6 8. Qe2
Bxc3 9. bxc3 Ne4 10. Bb2 Nd7 11. Nd2 Nxd2 12. Qxd2 f5 13. Rae1 Qg5 14. f3 Nf6
15. Bc1 Rae8 16. Qf2 e5 17. Qg3 Qxg3 18. hxg3 e4 19. Be2 Re7 20. Kf2 Ba6 21.
Bd2 d5 22. cxd5 Bxe2 23. Rxe2 Rfe8 24. c4 a6 25. a4 b5 26. axb5 axb5 27. Bb4
Rd7 28. cxb5 Rb8 29. Rc1 1/2-1/2

[Event "ZMDI-Open 2013"]
[Site "Dresden"]
[Date "2013.08.17"]
[Round "8"]
[White "Mishin, F."]
[Black "Hilbig, K."]
[Result "1-0"]
[WhiteElo "1801"]
[BlackElo "1759"]
[PlyCount "61"]
[EventDate "2013.??.??"]

1. e4 e6 2. Nc3 d5 3. d4 Nf6 4. Bd3 dxe4 5. Nxe4 Nxe4 6. Bxe4 Nd7 7. Nf3 Nf6 8.
Bd3 c5 9. O-O cxd4 10. Nxd4 Bd7 11. Bg5 Be7 12. c4 Qb6 13. Nf3 a6 14. Bh4 Qc5
15. b4 Qh5 16. b5 Bc5 17. Bg3 b6 18. Be2 Qg4 19. Ne5 Qd4 20. Qc2 Bb4 21. Bf3
Rc8 22. Nxd7 Nxd7 23. Bc6 Rxc6 24. bxc6 Nc5 25. Rad1 Qc3 26. Qxc3 Bxc3 27. c7
Ke7 28. Bd6+ Kf6 29. Bxc5 bxc5 30. Rd8 Ba5 31. Rxh8 1-0

[Event "ZMDI-Open 2013"]
[Site "Dresden"]
[Date "2013.08.17"]
[Round "8"]
[White "Kanibalotzka, E."]
[Black "Beyer, M."]
[Result "1-0"]
[WhiteElo "1822"]
[BlackElo "1560"]
[PlyCount "115"]
[EventDate "2013.??.??"]

1. c4 Nf6 2. Nc3 g6 3. g3 Bg7 4. Bg2 O-O 5. e3 c6 6. Nge2 e6 7. O-O d5 8. cxd5
exd5 9. d4 Re8 10. a3 Nbd7 11. b3 Nb6 12. Bb2 Bf5 13. Nf4 Nc8 14. Re1 Nd6 15.
Nd3 Qc7 16. Rc1 Nfe4 17. Nxd5 Qd7 18. Nc3 b6 19. Nxe4 Nxe4 20. f3 Nd6 21. Ne5
Bxe5 22. dxe5 Nb5 23. Qxd7 Bxd7 24. a4 Nc7 25. f4 Nd5 26. Red1 Be6 27. Kf2 Rac8
28. Bf1 Nc7 29. Bc4 Bg4 30. Rd6 Rcd8 31. Rxd8 Rxd8 32. Bc3 Nd5 33. Be1 c5 34.
e4 Nc7 35. Rc2 a5 36. Rd2 Rxd2+ 37. Bxd2 Kf8 38. Bc3 Ke7 39. Ke3 h5 40. Kd2 Ne6
41. Be2 Bh3 42. Ke3 Nc7 43. Bd3 Be6 44. Bc4 Ne8 45. Bxe6 fxe6 46. h3 Ng7 47. g4
hxg4 48. hxg4 Kd7 49. Kd3 Kc6 50. Kc4 Ne8 51. f5 exf5 52. exf5 gxf5 53. gxf5
Ng7 54. f6 Ne6 55. Bd2 Nd8 56. Bh6 Kd7 57. Kb5 Ke6 58. Bf4 1-0

[Event "ZMDI-Open 2013"]
[Site "Dresden"]
[Date "2013.08.17"]
[Round "8"]
[White "Grohmann, A."]
[Black "Böhme-Ziska, C."]
[Result "1/2-1/2"]
[WhiteElo "1512"]
[BlackElo "1747"]
[PlyCount "29"]
[EventDate "2013.??.??"]

1. d4 Nf6 2. c4 d5 3. e3 c6 4. cxd5 cxd5 5. Nc3 Nc6 6. a3 Qc7 7. g3 Bg4 8. Qb3
e6 9. Bg2 Be7 10. Nge2 Rc8 11. O-O h5 12. f3 Bf5 13. e4 dxe4 14. fxe4 Bg6 15.
d5 1/2-1/2

[Event "ZMDI-Open 2013"]
[Site "Dresden"]
[Date "2013.08.17"]
[Round "8"]
[White "Förster, J."]
[Black "Reinisch, J."]
[Result "1/2-1/2"]
[WhiteElo "1761"]
[BlackElo "1645"]
[PlyCount "54"]
[EventDate "2013.??.??"]

1. d4 f5 2. Bf4 Nf6 3. e3 e6 4. Bd3 Be7 5. h3 d6 6. Nf3 Nc6 7. O-O O-O 8. Bg5
h6 9. Bxf6 Bxf6 10. Nbd2 Qe8 11. c3 e5 12. Bc4+ Kh8 13. dxe5 dxe5 14. Qc2 Na5
15. Be2 c5 16. Nc4 Nxc4 17. Bxc4 Be6 18. Bxe6 Qxe6 19. Rfd1 Rfd8 20. a3 e4 21.
Nd2 b6 22. Qb3 Qe7 23. Nf1 Rxd1 24. Rxd1 Rd8 25. Ng3 Rxd1+ 26. Qxd1 Qe6 27. Ne2
g5 1/2-1/2

[Event "ZMDI-Open 2013"]
[Site "Dresden"]
[Date "2013.08.17"]
[Round "8"]
[White "Helbig, C."]
[Black "Grube, K."]
[Result "1-0"]
[WhiteElo "1786"]
[BlackElo "1602"]
[PlyCount "81"]
[EventDate "2013.??.??"]

1. Nf3 Nf6 2. c4 c5 3. d4 cxd4 4. Nxd4 g6 5. Bf4 d6 6. Bg5 Bg7 7. Nc3 Nc6 8.
Nxc6 bxc6 9. g3 h6 10. Bc1 O-O 11. Bg2 Bd7 12. O-O Qc7 13. Qc2 Rac8 14. e3 Be6
15. b3 Qd7 16. Bb2 Bh3 17. f4 Bxg2 18. Qxg2 d5 19. Rad1 e6 20. e4 Qb7 21. c5
Qb4 22. e5 Qxc5+ 23. Qf2 Qb6 24. Qxb6 axb6 25. exf6 Bxf6 26. Na4 Bxb2 27. Nxb2
c5 28. Rc1 Rc7 29. Rc2 Rfc8 30. Na4 b5 31. Nc3 Rb8 32. Rd1 c4 33. Ne2 b4 34.
bxc4 dxc4 35. Rb1 Kf8 36. Kf2 Ke7 37. Rcb2 Rcb7 38. Nc3 Kd6 39. Ke3 bxc3 40.
Rxb7 Rxb7 41. Rxb7 1-0

[Event "ZMDI-Open 2013"]
[Site "Dresden"]
[Date "2013.08.17"]
[Round "8"]
[White "Sorge, D."]
[Black "Gabriel, W."]
[Result "1-0"]
[WhiteElo "1437"]
[BlackElo "1733"]
[PlyCount "85"]
[EventDate "2013.??.??"]

1. d4 Nf6 2. c4 e6 3. Nc3 d5 4. e3 c5 5. Nf3 b6 6. Bd3 Bb7 7. cxd5 exd5 8. b3
Be7 9. O-O O-O 10. Re1 Nc6 11. Bb2 Re8 12. Rc1 Bd6 13. Nb5 Bf8 14. dxc5 Bxc5
15. Bxf6 Qxf6 16. Nc7 Bd6 17. Nxe8 Rxe8 18. Bb5 Rd8 19. Bxc6 Bxc6 20. Qd4 Qxd4
21. Nxd4 Bd7 22. h3 h6 23. Red1 Be8 24. Nf5 Bc5 25. Rc2 Kh7 26. Rcd2 Bc6 27.
Nd4 Bb7 28. Nb5 Bb4 29. Rc2 a6 30. Nd4 Rd7 31. Ra1 Ba3 32. Rd1 Kg8 33. Nf3 Kf8
34. e4 Bd6 35. exd5 Ba3 36. Ne5 Rd8 37. Rc7 Rxd5 38. Nd7+ Ke8 39. Rxd5 Bxd5 40.
Nxb6 Be4 41. Ra7 Bd3 42. Nc4 f5 43. Nxa3 1-0

[Event "ZMDI-Open 2013"]
[Site "Dresden"]
[Date "2013.08.17"]
[Round "8"]
[White "Mittelstaedt, E."]
[Black "Jahn, D."]
[Result "1/2-1/2"]
[WhiteElo "1683"]
[BlackElo "1816"]
[PlyCount "59"]
[EventDate "2013.??.??"]

1. d4 c5 2. c3 cxd4 3. cxd4 d5 4. Nc3 Nf6 5. Nf3 Nc6 6. a3 e6 7. Bg5 h6 8. Bh4
Be7 9. e3 a6 10. Bd3 O-O 11. b4 b5 12. h3 Nd7 13. Bxe7 Qxe7 14. O-O Nb6 15. Re1
Nc4 16. Qc2 Qf6 17. Nh2 Bb7 18. f4 Nd6 19. Nf3 Rac8 20. Qf2 Nxb4 21. axb4 Rxc3
22. Qd2 Rfc8 23. Ne5 Qe7 24. Rec1 Rxc1+ 25. Rxc1 Rxc1+ 26. Qxc1 Nc4 27. Qc3
Nxe3 28. Qc5 Qxc5 29. bxc5 f6 30. c6 1/2-1/2

[Event "ZMDI-Open 2013"]
[Site "Dresden"]
[Date "2013.08.17"]
[Round "8"]
[White "Lindner, M."]
[Black "Völler, L."]
[Result "1-0"]
[WhiteElo "1548"]
[BlackElo "1679"]
[PlyCount "103"]
[EventDate "2013.??.??"]

1. d4 g6 2. c4 Bg7 3. Nc3 c5 4. Nf3 Nc6 5. d5 Nd4 6. e3 Nf5 7. Qc2 Nf6 8. Bd3
d6 9. h3 e5 10. e4 Nd4 11. Nxd4 exd4 12. Ne2 O-O 13. O-O Re8 14. Bg5 h6 15. Bf4
g5 16. Bh2 g4 17. hxg4 Nxg4 18. Bg3 Ne5 19. Nf4 Qg5 20. Be2 f5 21. Nh3 Qf6 22.
Nf4 fxe4 23. Nh5 Qf5 24. Nxg7 Kxg7 25. Qb3 b6 26. Bh4 d3 27. Bd1 Ba6 28. Rc1
Qf4 29. Bh5 Qxh4 30. Bxe8 Rxe8 31. Qa4 Nf3+ 32. gxf3 exf3 33. Qd7+ Re7 34. Qxd6
Kh7 35. Qh2 Qg4+ 36. Qg3 Qh5 37. Qh2 Rg7+ 38. Kh1 Qf5 39. Rg1 Rxg1+ 40. Rxg1
Qf7 41. b3 b5 42. cxb5 Bxb5 43. Qe5 Bd7 44. Qe4+ Kh8 45. Qe5+ Kh7 46. Qe4+ Bf5
47. Qxf3 Qf6 48. Qf4 Qf7 49. Qf3 Qf6 50. Qf4 a5 51. Qc7+ Kh8 52. Qb8+ 1-0

[Event "ZMDI-Open 2013"]
[Site "Dresden"]
[Date "2013.08.17"]
[Round "8"]
[White "Briesemeister, K."]
[Black "Köpke, P."]
[Result "1/2-1/2"]
[WhiteElo "1800"]
[BlackElo "1341"]
[PlyCount "60"]
[EventDate "2013.??.??"]

1. d4 Nf6 2. c4 e6 3. Nc3 b6 4. e4 Bb7 5. Bd3 Bb4 6. Qc2 h6 7. Nf3 d5 8. cxd5
Bxc3+ 9. bxc3 exd5 10. e5 Ne4 11. Ba3 Ng5 12. Nd2 Ne6 13. Bf5 Qd7 14. O-O Nc6
15. f4 O-O-O 16. Rf2 Kb8 17. Nb3 Qe8 18. Rb1 g6 19. Bh3 g5 20. Bxe6 fxe6 21. f5
exf5 22. Rxf5 Qg6 23. Rf2 Qxc2 24. Rxc2 Rde8 25. Rf1 Re6 26. Rcf2 Rhe8 27. Rf6
Ba6 28. Rxe6 Rxe6 29. Rf6 Rxf6 30. exf6 Nd8 1/2-1/2

[Event "ZMDI-Open 2013"]
[Site "Dresden"]
[Date "2013.08.17"]
[Round "8"]
[White "Gerling, L."]
[Black "Schießl, W."]
[Result "1-0"]
[WhiteElo "1783"]
[BlackElo "1842"]
[PlyCount "102"]
[EventDate "2013.??.??"]

1. d4 b6 2. c4 d5 3. Nf3 Nf6 4. Nc3 Nc6 5. cxd5 Nxd5 6. e4 Nxc3 7. bxc3 e6 8.
Bb5 Bd7 9. Qa4 Ne7 10. Ne5 Bxb5 11. Qxb5+ c6 12. Qe2 Rc8 13. Ba3 Ng6 14. Nxg6
hxg6 15. Bxf8 Kxf8 16. Rd1 Qc7 17. h3 f5 18. e5 b5 19. O-O Kf7 20. Qb2 Qe7 21.
a3 Qg5 22. f4 Qg3 23. Rf3 Qh4 24. c4 Rb8 25. cxb5 Qe7 26. Rb3 c5 27. dxc5 Qxc5+
28. Kh1 Rhd8 29. Rxd8 Rxd8 30. Rc3 Rd1+ 31. Kh2 Qg1+ 32. Kg3 Kg8 33. Qf2 Qh1
34. Kh4 Rd5 35. Rc8+ Kh7 36. Kg5 Qd1 37. g4 Rd8 38. Qh4+ Kg8 39. Kxg6 Rxc8 40.
Qh7+ Kf8 41. Qh8+ Ke7 42. Qxc8 fxg4 43. Qc7+ Ke8 44. Qf7+ Kd8 45. Qf8+ Kc7 46.
Qd6+ Qxd6 47. exd6+ Kxd6 48. hxg4 e5 49. fxe5+ Kxe5 50. a4 Kf4 51. g5 Kg4 1-0

[Event "ZMDI-Open 2013"]
[Site "Dresden"]
[Date "2013.08.17"]
[Round "8"]
[White "Schießl, H."]
[Black "Dorst, K."]
[Result "1/2-1/2"]
[WhiteElo "1749"]
[BlackElo "1761"]
[PlyCount "76"]
[EventDate "2013.??.??"]

1. e4 e6 2. d4 d5 3. e5 c5 4. c3 Nc6 5. Nf3 Qb6 6. a3 Bd7 7. b4 cxb4 8. cxb4 a5
9. b5 Na7 10. a4 Bb4+ 11. Bd2 Bxd2+ 12. Nbxd2 Ne7 13. Bd3 Ng6 14. g3 Nc8 15.
Nb3 Qd8 16. O-O b6 17. Qd2 O-O 18. Rac1 Nce7 19. Rc3 Rc8 20. Rfc1 Rxc3 21. Rxc3
Qb8 22. h4 Rc8 23. h5 Nf8 24. Qc2 Rxc3 25. Qxc3 Qc8 26. Qc2 Qxc2 27. Bxc2 h6
28. Nh4 Nh7 29. f4 Be8 30. g4 f6 31. f5 exf5 32. Nxf5 Nxf5 33. Bxf5 Ng5 34. Kg2
Kf8 35. Nd2 Ke7 36. Kg3 Bf7 37. Kf4 Be6 38. Bc2 Kf7 1/2-1/2

[Event "ZMDI-Open 2013"]
[Site "Dresden"]
[Date "2013.08.17"]
[Round "8"]
[White "Möller, P."]
[Black "Kluge, H."]
[Result "1/2-1/2"]
[WhiteElo "1678"]
[BlackElo "1680"]
[PlyCount "100"]
[EventDate "2013.??.??"]

1. d4 Nf6 2. c4 g6 3. Nc3 Bg7 4. e4 d6 5. f4 O-O 6. Nf3 c6 7. Be2 a6 8. O-O b5
9. a3 Bb7 10. e5 Ne8 11. Be3 bxc4 12. Bxc4 d5 13. Bd3 e6 14. Qb3 Qc7 15. Rac1
Nd7 16. Na4 Rb8 17. Qc2 Qd8 18. Nc5 Nxc5 19. Qxc5 Nc7 20. a4 Re8 21. Bf2 Bf8
22. Qc2 Be7 23. Qe2 Qd7 24. b3 a5 25. Rc2 Rec8 26. Rfc1 Ba3 27. Rb1 Ne8 28. Bh4
Ng7 29. g4 Be7 30. Bxe7 Qxe7 31. Rc5 h5 32. h3 hxg4 33. hxg4 Ne8 34. Rxa5 c5
35. dxc5 Rxc5 36. Rxc5 Qxc5+ 37. Kg2 Kg7 38. b4 Qe7 39. Qf1 Nc7 40. Qf2 Rh8 41.
Qb6 Ba8 42. Rc1 d4 43. g5 Nd5 44. Qxd4 Nxb4 45. Be4 Nd5 46. Kg3 Qa3 47. Rc2 Ne7
48. Kg4 Bxe4 49. Qxe4 Nd5 50. Rh2 Ne3+ 1/2-1/2

[Event "ZMDI-Open 2013"]
[Site "Dresden"]
[Date "2013.08.17"]
[Round "8"]
[White "Ast, E."]
[Black "Smagulov, A."]
[Result "0-1"]
[WhiteElo "1789"]
[BlackElo "1802"]
[PlyCount "133"]
[EventDate "2013.??.??"]

1. d4 d5 2. Nf3 Nf6 3. Bf4 Bf5 4. e3 h6 5. h3 e6 6. Bd3 Bxd3 7. Qxd3 a6 8. Nbd2
Bd6 9. Bxd6 cxd6 10. c3 Nbd7 11. O-O O-O 12. Rfd1 b5 13. Rac1 Re8 14. Qb1 Nb6
15. e4 dxe4 16. Nxe4 Rc8 17. Ng3 Qe7 18. Re1 Qb7 19. Re2 Qd5 20. Rce1 Nbd7 21.
a3 a5 22. Nf1 Qh5 23. Qd3 Nb6 24. Ne3 a4 25. Nd2 Qg5 26. Ne4 Nxe4 27. Qxe4 d5
28. Qd3 Nc4 29. Qc2 Na5 30. Qd3 Rb8 31. Nd1 Nb3 32. Ne3 Rec8 33. Rc2 Qf4 34.
Nf1 Na5 35. Rce2 Nc4 36. Ne3 Qg5 37. Qc2 Nd6 38. Qd3 Ne4 39. Nf1 Qf6 40. Ng3
Nd6 41. Nf1 Nc4 42. Ne3 Qf4 43. Qd1 Qd6 44. Nxc4 Rxc4 45. Qd2 Rcc8 46. Re3 Qf4
47. Qd3 Qc7 48. Qd2 Qf4 49. Qd3 Qc7 50. Re5 Re8 51. R5e3 Qc4 52. Qd1 Rb7 53.
Re5 Ree7 54. R5e3 Qc6 55. Qd3 Qc4 56. Qd1 f6 57. f4 Qc7 58. Qf3 Qd6 59. Qf1 Qb8
60. g3 Qd6 61. Kg2 Qc6 62. Qf3 Qd6 63. Qe2 Qc6 64. Qf3 Qc4 65. Qd1 Qa2 66. Qa1
Qb3 67. Qd1 0-1

[Event "ZMDI-Open 2013"]
[Site "Dresden"]
[Date "2013.08.17"]
[Round "8"]
[White "Scharff, J."]
[Black "Hansch, B."]
[Result "1-0"]
[WhiteElo "1693"]
[BlackElo "1577"]
[PlyCount "65"]
[EventDate "2013.??.??"]

1. d4 Nf6 2. c4 e5 3. d5 Bc5 4. Nc3 d6 5. a3 a5 6. Bg5 h6 7. Bh4 g5 8. Bg3 Bf5
9. f3 e4 10. h4 Nh5 11. Bh2 gxh4 12. fxe4 Ng3 13. Bxg3 hxg3 14. exf5 Bf2+ 15.
Kd2 Qg5+ 16. Kc2 Qxf5+ 17. e4 Qf4 18. Nh3 Qe3 19. Qg4 Nd7 20. Nd1 Qd4 21. Ndxf2
gxf2 22. Qe2 Ne5 23. Nxf2 Nxc4 24. Qxc4 Qxf2+ 25. Kb3 Qb6+ 26. Ka2 c6 27. Rc1
Rc8 28. Be2 Ke7 29. Bh5 c5 30. Rhf1 Rh7 31. Qc3 Kf8 32. Bxf7 Rxf7 33. Qh8+ 1-0

[Event "ZMDI-Open 2013"]
[Site "Dresden"]
[Date "2013.08.17"]
[Round "8"]
[White "Hofmann, F."]
[Black "Bui, N."]
[Result "1/2-1/2"]
[WhiteElo "1077"]
[BlackElo "1417"]
[PlyCount "104"]
[EventDate "2013.??.??"]

1. e4 c5 2. Nf3 d6 3. Nc3 a6 4. d4 cxd4 5. Nxd4 Nf6 6. Bc4 e6 7. O-O Qc7 8. Bb3
Nbd7 9. a3 b5 10. Qf3 Bb7 11. Qe3 Nc5 12. f3 Be7 13. Ba2 O-O 14. b4 Ncd7 15.
Bb2 Rac8 16. Kh1 Nb6 17. Bxe6 fxe6 18. Nxe6 Qc4 19. Nxf8 Na8 20. Qa7 Rc7 21.
Nxh7 Kxh7 22. Qe3 Qc6 23. Qd3 Kg8 24. Qe3 Nb6 25. Qf4 Nc4 26. Nd1 Nxb2 27. Nxb2
Rc8 28. Rfc1 Qc3 29. Nd3 Qc7 30. Qf5 Rf8 31. Qe6+ Kh7 32. e5 dxe5 33. Nxe5 Bc8
34. Qb3 Qxe5 35. c4 Be6 36. Re1 Qd6 37. Qe3 Bxc4 38. Qxe7 Qb8 39. Qe5 Qd8 40.
Rad1 Qb6 41. Qf5+ Kg8 42. Qg6 Bf7 43. Qc2 a5 44. Qc5 Qxc5 45. bxc5 Bd5 46. Re5
Kf7 47. Rdxd5 Nxd5 48. Rxd5 Rc8 49. Kg1 Ke6 50. Rh5 g6 51. Rg5 Kf6 52. Rd5 Ke6
1/2-1/2

[Event "ZMDI-Open 2013"]
[Site "Dresden"]
[Date "2013.08.17"]
[Round "8"]
[White "Fahland, M."]
[Black "Scholz, R."]
[Result "1-0"]
[WhiteElo "1414"]
[BlackElo "1109"]
[PlyCount "67"]
[EventDate "2013.??.??"]

1. d4 c5 2. d5 f5 3. c4 Nf6 4. Nc3 d6 5. e3 Nbd7 6. Bd3 Ne5 7. Nf3 Nxd3+ 8.
Qxd3 e5 9. dxe6 Bxe6 10. b3 d5 11. cxd5 Nxd5 12. Bb2 Nb4 13. Qb5+ Qd7 14. O-O
Bd6 15. Rad1 Qxb5 16. Nxb5 Bxh2+ 17. Kxh2 Nd5 18. Rxd5 Bxd5 19. Nc7+ Kf7 20.
Nxd5 Rad8 21. Ne5+ Ke6 22. Nf4+ Kf6 23. Nc6+ Kf7 24. Nxd8+ Rxd8 25. Bc3 Ke7 26.
Kg3 g5 27. Ne2 h5 28. f3 Rd3 29. Kf2 g4 30. g3 f4 31. gxf4 g3+ 32. Kxg3 Rxe3
33. Re1 Re6 34. Nc1 1-0

[Event "ZMDI-Open 2013"]
[Site "Dresden"]
[Date "2013.08.17"]
[Round "8"]
[White "Schlegel, H."]
[Black "Kultscher, C."]
[Result "0-1"]
[WhiteElo "1035"]
[BlackElo "1046"]
[PlyCount "68"]
[EventDate "2013.??.??"]

1. e4 e5 2. Nf3 d6 3. Bc4 Bg4 4. c3 Nc6 5. d4 Nf6 6. Bg5 Be7 7. Bxf6 Bxf6 8. d5
Ne7 9. Nbd2 O-O 10. O-O Ng6 11. h3 Bxf3 12. Qxf3 Qd7 13. Rfe1 Bg5 14. Nf1 Nf4
15. Re3 f5 16. Qg3 Nxh3+ 17. Qxh3 Bxe3 18. Qxe3 f4 19. Qf3 Rf6 20. Nh2 Rg6 21.
Be2 Rg5 22. Ng4 h5 23. Nh2 Kf7 24. Nf1 Ke7 25. Nd2 Rh8 26. Kf1 h4 27. Ke1 h3
28. gxh3 Rxh3 29. Bb5 Rg1+ 30. Nf1 Rxf1+ 31. Kxf1 Qxb5+ 32. Qe2 Rh1+ 33. Kg2
Qxe2 34. Rxh1 Qg4+ 0-1

[Event "ZMDI-Open 2013"]
[Site "Dresden"]
[Date "2013.08.17"]
[Round "8"]
[White "Schüring, L."]
[Black "Koch, K."]
[Result "1-0"]
[WhiteElo "1256"]
[BlackElo "800"]
[PlyCount "57"]
[EventDate "2013.??.??"]

1. d4 Nf6 2. Bg5 e6 3. c4 Be7 4. Nc3 O-O 5. Nf3 d5 6. e3 dxc4 7. Bxc4 Nbd7 8.
O-O b6 9. Rc1 Bb7 10. Nd2 c5 11. dxc5 Nxc5 12. Nb3 Qxd1 13. Rfxd1 Rad8 14. Nd4
Rfe8 15. Bb5 Ncd7 16. Nb3 h6 17. Bxf6 Bxf6 18. Rxd7 Rxd7 19. Bxd7 Rd8 20. Bb5
Bxc3 21. bxc3 g5 22. Be2 Kg7 23. Bf3 Bxf3 24. gxf3 f5 25. c4 Kg6 26. c5 bxc5
27. Rxc5 Rd1+ 28. Kg2 f4 29. exf4 1-0